Quiz sur le Portugal - Statistiques

Statistiques générales
  • Ce quiz a été pris 42 429 fois
  • Le résultat moyen est 11 sur 20
Statistiques - réponses
Question Réponse % Correct
Capitale Lisbonne
100%
Seul pays frontalier Espagne
96%
Deuxième plus grande ville Porto
95%
Footballeur qui a reçu le Ballon d'Or 5 fois Cristiano Ronaldo
84%
Péninsule sur laquelle le Portugal se situe Ibérie
81%
Pays colonisé en 1500 Brésil
73%
Archipels portugais dans l'océan Atlantique Madère
60%
Prénom le plus courant, signifiant Jean en portugais João
55%
Explorateur qui est à l'origine du premier tour du monde Magellan
55%
Archipels portugais dans l'océan Atlantique Açores
50%
Navigateur qui s'est rendu jusqu'en Inde Vasco de Gama
50%
Ville très touristique à l'extrême sud du Portugal Faro
44%
Pays allié au Portugal depuis 1373 Angleterre
42%
Colonie rétrocédée à la Chine en 1999 Macao
41%
Nom donné aux peuples musulmans qui contrôlaient le Portugal et l'Espagne au début du Moyen-Âge M{aures}
41%
Dictateur qui a dirigé le Portugal de 1933 à 1968 Salazar
37%
Le Portugal représente plus de 50% de la production mondiale de ce matériau agricole issu du chêne Liège
33%
Fleuve portugais parsemé de vignobles Douro
30%
Ancienne devise monétaire, avant l'euro Escudo
21%
Territoires portugais annexés par l'Inde en 1961 Goa | Daman | Diu
13%
Aucun quiz correspondant
Distribution des résultats
% des personnes avec chaque résultat
Percentile par nombre de réponses
Votre historique - résultats
Vous n’avez pas pris ce quiz